000 00415nam a2200121Ia 4500
008 220620s9999||||xx |||||||||||||| ||und||
100 _aMartin Koller||Hosam El-Din M. Saleh
245 0 _aGreen Chemistry
546 _aEnglish[eng]
650 _aPhysical Sciences||Engineering and Technology||Chemistry||Green Chemistry||Organic Chemistry
856 _uhttps://www.intechopen.com/books/green-chemistry
942 _cEB
999 _c35227
_d35227